| 000 | 03845njm a2200505Ia 4500 | ||
|---|---|---|---|
| 001 | 25593 | ||
| 003 | IT-RoPAU | ||
| 005 | 20220918181120.0 | ||
| 008 | 131025s9999 xx 000 0 und d | ||
| 040 | _aIT-RoPAU | ||
| 040 | _cIT-RoPAU | ||
| 999 |
_c99684 _d99684 |
||
| 999 | _bNO | ||
| 100 |
_aAA.VV. _9794 |
||
| 100 |
_eAutore musica _912306 |
||
| 100 |
_gCodice autore musica SPICS: 12000 _9796 |
||
| 245 | _aBuon Natale | ||
| 250 | _a1a ed. | ||
| 260 | _aROMA | ||
| 260 |
_bRCA (RADIO CORP. AMERICA) _c1982 [1a Ed.:1982] |
||
| 300 | _aDISCO | ||
| 300 | _c43 minuti (Testo: pag.) | ||
| 500 | _aBrani di musica classica strumentale e religiosa. Arrangiamento | ||
| 505 | _aSilent Night, Holy Night (3:00) - White Christmas (3:00) - Jingle Bells (3:00) - Little Drummer Boy (4:00) - Santa Claus Is Coming To Town (3:00) - Little Red Nosed Reinder (3:00) - Ave Maria (3:00) - Largo (3:00) - Christmas concerto (4:00) - Jesus que ma joie demeure (4:00) - Aba Haidschi Bumbaidschi-Am Weihnachtsbaum Die Lichter Brennen (2:00) - Leise Rieselt Der Schnee (3:00) - Silver Bells (3:00) - O Tannenbaum (3:00) - Ave Maria (3:00) - O Tannenbaum/Minuit Chretien/He Was Born the Holy Child (4:00) | ||
| 650 |
_aARRANGIAMENTO [DISCHI] _eCodice MATERIA SPICS: 9950 _912307 |
||
| 700 |
_aClayderman Richard _gCodice interprete SPICS: 7953 _eInterprete _912308 |
||
| 700 |
_aAnonimo _gCodice autore musica SPICS: 2620 _eAutore musica _pSilent Night, Holy Night - Jingle Bells - Aba Haidschi Bumbaidschi-Am Weihnachtsbaum Die Lichter Brennen - O Tannenbaum - O Tannenbaum/Minuit Chretien/He Was Born the Holy Child _912309 |
||
| 700 |
_aToussaint Olivier _gCodice autore SPICS: 14363 _eAutore _pWhite Christmas - Jingle Bells - Ave Maria - Largo - Christmas concerto - Jesus que ma joie demeure - Aba Haidschi Bumbaidschi - Leise Rieselt Der Schnee - O Tannenbaum - Ave Maria - O Tannenbaum/Minuit Chretien/He Was Born the Holy Child _912310 |
||
| 700 |
_aSalesses Gerard _gCodice autore testo/musica SPICS: 25301 _eAutore testo/musica _pSilent Night, Holy Night - Jingle Bells - Ave Maria - Largo - Christmas concerto - Jesus que ma joie demeure - Aba Haidschi Bumbaidschi - Leise Rieselt Der Schnee - O Tannenbaum - Ave Maria - O Tannenbaum/Minuit Chretien/He Was Born the Holy Child _912311 |
||
| 700 |
_aBerlin Irving _gCodice autore musica SPICS: 14042 _eAutore musica _pWhite Christmas _912312 |
||
| 700 |
_aSimeone M. _gCodice autore musica SPICS: 15527 _eAutore musica _pLittle Drummer Boy _912313 |
||
| 700 |
_aOnorati H. _gCodice autore SPICS: 15528 _eAutore _pLittle Drummer Boy _912314 |
||
| 700 |
_aDavis _gCodice autore testo/musica SPICS: 20478 _eAutore testo/musica _pLittle Drummer Boy _912315 |
||
| 700 |
_aGillespie Dizzy _gCodice autore musica SPICS: 10777 _eAutore musica _pSanta Claus Is Coming To Town _912316 |
||
| 700 |
_aCoots F. _gCodice autore SPICS: 22825 _eAutore _pSanta Claus Is Coming To Town _912317 |
||
| 700 |
_aMarks J. _gCodice autore musica SPICS: 15879 _eAutore musica _pLittle Red Nosed Reinder _912318 |
||
| 700 |
_aSchubert Franz _gCodice autore musica SPICS: 10690 _eAutore musica _pAve Maria _912319 |
||
| 700 |
_aHandel Georg Friedrich _gCodice autore musica SPICS: 5619 _eAutore musica _pLargo _912320 |
||
| 700 |
_aCorelli Arcangelo _gCodice autore musica SPICS: 7993 _eAutore musica _pChristmas concerto _912321 |
||
| 700 |
_aBach Johann Sebastian _gCodice autore musica SPICS: 9695 _eAutore musica _pJesus que ma joie demeure _912322 |
||
| 700 |
_aEbel Marianne _gCodice autore musica SPICS: 12095 _eAutore musica _pLeise Rieselt Der Schnee _912323 |
||
| 700 |
_aLivingstone J. _gCodice autore musica SPICS: 14097 _eAutore musica _pSilver Bells _912324 |
||
| 700 |
_aEvans Bill _gCodice autore SPICS: 16457 _eAutore _pSilver Bells _912325 |
||
| 700 |
_aGounod Charles _gCodice autore musica SPICS: 10670 _eAutore musica _pAve Maria _912326 |
||
| 942 |
_cMD _2ddc |
||